000
00194 a2200097 4500
001
963
100
_a
Mandel,M.
245
_a
Stories for speakers
260
_a
_b
Jonathan
_c
090
_c
553
_d
553
942
_a
NUST-CAE
_c
M
_c
31967
999
_c
236036
_d
236036